[Event "SCG First League m"]
[Site "?"]
[Date "2005.10.18"]
[Round "2"]
[White "Aleksandrov Aleksej"]
[Black "Damljanovic Branko"]
[Result "1-0"]
[WhiteElo "2636"]
[BlackElo "2609"]
[PlyCount "50"]
[EventDate "2005.??.??"]
[Source "www.chesslib.no"]
[SourceDate "2004.05.04"]

1. d4 Nf6 2. c4 e6 3. Nc3 Bb4 4. e3 c5 5. Bd3 Nc6 6. Nf3 Bxc3+ 7. bxc3 d6 8. O-O e5 9. Nd2 O-O 10. Re1 Ne8 11. Nb3 b6 12. Be4 Qc7 13. Bd5 Ba6 14. f4 Rd8 15. e4 Ne7 16. fxe5 dxe5 17. Ba3 Nd6 18. Nd2 Nxd5 19. cxd5 Rfe8 20. Qa4 Bb5 21. Qb3 Bd7 22. dxe5 Rxe5 23. c4 f6 24. Bb2 Re7 25. Qg3 Ne8 1-0

[Event "Horgen"]
[Site "?"]
[Date "1994.??.??"]
[Round "?"]
[White "Yusupov, A."]
[Black "Lutz, Ch"]
[Result "1/2-1/2"]
[WhiteElo "2655"]
[BlackElo "2580"]
[PlyCount "55"]
[EventDate "1994.??.??"]
[Source "ChessBase"]
[SourceDate "1994.06.01"]

1. d4 Nf6 2. c4 e6 3. Nc3 Bb4 4. e3 c5 5. Bd3 Nc6 6. Nf3 Bxc3+ 7. bxc3 d6 8. e4 e5 9. h3 h6 10. Be3 b6 11. d5 Ne7 12. Nd2 g5 13. Nf1 Ng6 14. g3 Ng8 15. Bd2 Qf6 16. Ne3 N8e7 17. Be2 Kd8 18. Bg4 Kc7 19. Rb1 Rb8 20. Nc2 Rb7 21. Na3 Kb8 22. Nb5 Rd8 23. Ke2 Qh8 24. Qa4 a5 25. Bxc8 Nxc8 26. Rb2 Qe8 27. Qc2 Qd7 28. Be3 1/2-1/2

[Event "Yerevan (ol)"]
[Site "?"]
[Date "1996.??.??"]
[Round "?"]
[White "Jussupow, A."]
[Black "Lalic, B."]
[Result "1-0"]
[WhiteElo "2665"]
[BlackElo "2565"]
[PlyCount "85"]
[EventDate "1996.??.??"]
[Source "ChessBase"]
[SourceDate "1996.06.01"]

1. d4 Nf6 2. c4 e6 3. Nc3 Bb4 4. e3 c5 5. Bd3 Nc6 6. Nf3 Bxc3+ 7. bxc3 d6 8. e4 e5 9. h3 h6 10. Be3 b6 11. d5 Ne7 12. Nd2 g5 13. Nf1 Ng6 14. g3 Bd7 15. Bd2 Qe7 16. Ne3 O-O-O 17. Qf3 Ne8 18. O-O-O Kc7 19. Rh2 Ng7 20. Rdh1 Rde8 21. Bc2 h5 22. h4 gxh4 23. gxh4 Nf4 24. Ng2 f5 25. Nxf4 exf4 26. Re1 Qf8 27. Rg2 fxe4 28. Rxe4 Rxe4 29. Bxe4 Ne8 30. Bxf4 Bg4 31. Qe3 Nf6 32. f3 Nxe4 33. fxg4 Nxc3 34. Rf2 Na4 35. Bg5 Qg7 36. Bf6 Qxg4 37. Bxh8 Qxc4+ 38. Kb1 Qb4+ 39. Ka1 Kb7 40. Rf4 c4 41. a3 Qb5 42. Qe7+ Ka6 43. Qe2 1-0

[Event "TCh-BIH"]
[Site "Jahorina"]
[Date "2003.06.26"]
[Round "8"]
[White "Aleksandrov, Aleksej"]
[Black "Cvitan, Ognjen"]
[Result "1/2-1/2"]
[WhiteElo "2650"]
[BlackElo "2551"]
[PlyCount "57"]
[EventDate "2003.06.21"]
[Source "Roberto Alvarez"]
[SourceDate "2003.07.07"]

1. d4 Nf6 2. c4 e6 3. Nc3 Bb4 4. e3 c5 5. Nf3 Nc6 6. Bd3 Bxc3+ 7. bxc3 d6 8. e4 e5 9. h3 h6 10. O-O O-O 11. Rb1 b6 12. Re1 Bd7 13. Rb2 Rc8 14. Be3 Re8 15. d5 Ne7 16. Nh4 g5 17. Nf3 Nh7 18. h4 Ng6 19. hxg5 hxg5 20. Nh2 Kg7 21. g3 Rh8 22. Be2 Ne7 23. Bg4 f5 24. exf5 Nxf5 25. Bc1 Qf6 26. f4 Rce8 27. Rg2 exf4 28. gxf4 Ba4 29. Qd2 1/2-1/2

[Event "Moscow (ol)"]
[Site "?"]
[Date "1994.??.??"]
[Round "?"]
[White "Yusupov, A."]
[Black "Torre, E."]
[Result "1/2-1/2"]
[WhiteElo "2655"]
[BlackElo "2535"]
[PlyCount "34"]
[EventDate "1994.??.??"]
[Source "ChessBase"]
[SourceDate "1994.10.01"]

1. d4 Nf6 2. c4 e6 3. Nc3 Bb4 4. e3 c5 5. Bd3 Nc6 6. Nf3 Bxc3+ 7. bxc3 d6 8. e4 e5 9. h3 h6 10. Be3 b6 11. d5 Ne7 12. Nd2 O-O 13. g4 Ng6 14. g5 hxg5 15. Bxg5 Qe8 16. Bxf6 gxf6 17. Kf1 Kg7 1/2-1/2

[Event "Thessaloniki (ol)"]
[Site "?"]
[Date "1988.??.??"]
[Round "?"]
[White "Beliavsky, A."]
[Black "Adorjan, A."]
[Result "1/2-1/2"]
[WhiteElo "2665"]
[BlackElo "2520"]
[PlyCount "87"]
[EventDate "1988.??.??"]
[Source "ChessBase"]
[SourceDate "1988.07.01"]

1. d4 Nf6 2. c4 e6 3. Nc3 Bb4 4. e3 c5 5. Bd3 Nc6 6. Nf3 Bxc3+ 7. bxc3 d6 8. O-O e5 9. Nd2 O-O 10. Re1 cxd4 11. cxd4 exd4 12. exd4 Bg4 13. f3 Bh5 14. Ne4 Nxe4 15. Bxe4 Rc8 16. Qd3 Bg6 17. Ba3 Re8 18. Rab1 Na5 19. Rec1 b6 20. Bb4 Nc6 21. Bd2 Qf6 22. Bc3 Qg5 23. Re1 h6 24. Rb5 Bxe4 25. fxe4 Qg6 26. Rf5 Rc7 27. Re3 Ne7 28. Rf1 Nc6 29. c5 dxc5 30. dxc5 Qe6 31. cxb6 axb6 32. Qb5 Ne5 33. Rg3 Rc5 34. Qb2 Rec8 35. h3 f6 36. a4 Kh7 37. Bd4 Rc4 38. Bxe5 Qxe5 39. Qxe5 fxe5 40. Rf7 Rg8 41. Rb3 Rxa4 42. Rxb6 Rxe4 43. Re6 Rf4 44. Rfe7 1/2-1/2

[Event "Corr"]
[Site "Corr"]
[Date "1993.??.??"]
[Round "?"]
[White "Anton, VM."]
[Black "Steinsapir, EJ."]
[Result "1-0"]
[WhiteElo "2630"]
[BlackElo "2535"]
[PlyCount "49"]
[EventDate "1993.??.??"]
[Source "www.chesslib.no"]
[SourceDate "2004.05.04"]

1. d4 Nf6 2. c4 e6 3. Nc3 Bb4 4. e3 c5 5. Bd3 Nc6 6. Nf3 Bxc3+ 7. bxc3 d6 8. e4 e5 9. h3 h6 10. O-O Qc7 11. Qe2 b6 12. Re1 O-O 13. d5 Ne7 14. Nh4 g5 15. Nf5 Nxf5 16. exf5 e4 17. Bc2 Bxf5 18. h4 g4 19. Bxh6 Rfe8 20. Qe3 Bg6 21. Qf4 Nh5 22. Qxg4 Kh7 23. Bf4 f5 24. Qg5 Kg7 25. Re3 1-0

[Event "Rishon Le Ziyyon"]
[Site "Rishon Le Ziyyon"]
[Date "1996.??.??"]
[Round "1"]
[White "Alterman, Boris"]
[Black "Greenfeld, Alon"]
[Result "1/2-1/2"]
[WhiteElo "2585"]
[BlackElo "2560"]
[PlyCount "42"]
[EventDate "1996.02.??"]
[Source "ChessBase"]

1. d4 Nf6 2. c4 e6 3. Nc3 Bb4 4. e3 c5 5. Bd3 Nc6 6. Nf3 Bxc3+ 7. bxc3 d6 8. O-O e5 9. Nd2 O-O 10. Rb1 Qe7 11. d5 e4 12. Nxe4 Nxe4 13. dxc6 bxc6 14. Qc2 f5 15. f3 Nf6 16. Bd2 Be6 17. Rfe1 Nd7 18. Rb7 Qd8 19. Qa4 Qc8 20. Rxa7 Ne5 21. Bf1 Rxa7 1/2-1/2

[Event "Kirsebergs SK-Skara SS"]
[Site "?"]
[Date "2001.03.03"]
[Round "8"]
[White "Hillarp Persson Tiger"]
[Black "Nikolic Predrag"]
[Result "0-1"]
[WhiteElo "2486"]
[BlackElo "2652"]
[PlyCount "78"]
[EventDate "2001.??.??"]
[Source "www.chesslib.no"]
[SourceDate "2004.05.04"]

1. d4 Nf6 2. c4 e6 3. Nc3 Bb4 4. e3 c5 5. Bd3 Nc6 6. Nf3 Bxc3+ 7. bxc3 d6 8. O-O e5 9. Nd2 O-O 10. Rb1 b6 11. h3 Re8 12. d5 Ne7 13. Qc2 Ng6 14. Kh2 Bd7 15. f3 Kh8 16. Rf2 Rb8 17. g3 Re7 18. e4 Qc8 19. h4 Be8 20. Nf1 Reb7 21. Ne3 Ne7 22. Be2 Qd8 23. Bd2 a6 24. f4 Nd7 25. f5 b5 26. g4 bxc4 27. Rxb7 Rxb7 28. g5 f6 29. Nxc4 Nb6 30. gxf6 gxf6 31. Nxb6 Qxb6 32. Rg2 Ng8 33. Qd3 Rg7 34. Bc1 Qa5 35. Qc2 Bb5 36. c4 Ba4 37. Qd3 Rxg2+ 38. Kxg2 Qe1 39. h5 Qxc1 0-1

[Event "Clarin"]
[Site "Buenos Aires"]
[Date "1979.??.??"]
[Round "10"]
[White "Petrosian, Tigran V"]
[Black "Lombardy, William James"]
[Result "1/2-1/2"]
[WhiteElo "2610"]
[BlackElo "2520"]
[PlyCount "85"]
[EventDate "1979.11.??"]
[Source "ChessBase"]

1. d4 Nf6 2. c4 e6 3. Nc3 Bb4 4. e3 c5 5. Bd3 Nc6 6. Nf3 Bxc3+ 7. bxc3 d6 8. e4 e5 9. d5 Ne7 10. Nd2 Qa5 11. Qc2 Bd7 12. Nf1 h6 13. Ne3 Ng4 14. Nf1 Nf6 15. h3 Ba4 16. Qd2 Rb8 17. Ne3 Nh5 18. g3 Bd7 19. a4 Nf6 20. Ra3 Ng6 21. Kf1 h5 22. Kg2 Kf8 23. Nf5 Bxf5 24. exf5 Ne7 25. Qc2 Qc7 26. Bg5 Nd7 27. a5 f6 28. Be3 Kf7 29. h4 b6 30. axb6 Nxb6 31. Qe2 a5 32. Qf3 a4 33. Qe4 Ra8 34. Rha1 Ra6 35. R3a2 Qa7 36. Bc1 Qc7 37. Bc2 Qd7 38. Bd2 Kf8 39. Be1 g6 40. fxg6 Kg7 41. f3 f5 42. Qe2 Nxg6 43. Bd2 1/2-1/2

[Event "Novgorod Open"]
[Site "Novgorod RUS"]
[Date "1995.??.??"]
[Round "2"]
[White "Vyzmanavin, Alexey B"]
[Black "Makarov, Marat"]
[Result "1/2-1/2"]
[WhiteElo "2605"]
[BlackElo "2520"]
[PlyCount "38"]
[EventDate "1995.05.??"]
[Source "www.chesslib.no"]
[SourceDate "2004.05.04"]

1. d4 Nf6 2. c4 e6 3. Nc3 Bb4 4. e3 c5 5. Bd3 Nc6 6. Nf3 Bxc3+ 7. bxc3 d6 8. e4 e5 9. h3 h6 10. Be3 b6 11. d5 Ne7 12. g3 Ng6 13. Kf1 O-O 14. Kg2 Bd7 15. Qc2 Nxe4 16. Bxe4 f5 17. Nd2 fxe4 18. Nxe4 Bf5 19. f3 Qd7 1/2-1/2

[Event "EU-ch 3rd"]
[Site "Batumi"]
[Date "2002.06.18"]
[Round "7"]
[White "Jobava, Baadur"]
[Black "Marin, Mihail"]
[Result "1/2-1/2"]
[WhiteElo "2566"]
[BlackElo "2556"]
[PlyCount "149"]
[EventDate "2002.06.12"]
[Source "ChessBase"]
[SourceDate "2002.09.20"]

1. d4 Nf6 2. c4 e6 3. Nc3 Bb4 4. e3 c5 5. Bd3 Nc6 6. Nf3 Bxc3+ 7. bxc3 d6 8. O-O e5 9. Nd2 O-O 10. Rb1 b6 11. Rb2 exd4 12. cxd4 cxd4 13. exd4 Bg4 14. f3 Bh5 15. d5 Na5 16. Nb3 Qc7 17. Nxa5 Qc5+ 18. Rff2 Qxa5 19. Rb5 Qa6 20. Bg5 Rfe8 21. Bxf6 gxf6 22. Bf1 Qa3 23. Qa1 f5 24. h4 Qe3 25. Qf6 Qf4 26. g3 Qe5 27. Qg5+ Bg6 28. h5 f6 29. Qh4 Bf7 30. Rbb2 f4 31. gxf4 Qd4 32. Rbd2 Qc3 33. Kh2 Kf8 34. Rg2 Re3 35. Qg4 Ke7 36. Rde2 Rg8 37. Rxe3+ Qxe3 38. Re2 Qxe2+ 39. Bxe2 Rxg4 40. fxg4 h6 41. Kg3 Kf8 42. Bd1 Be8 43. g5 Kg7 44. g6 Bd7 45. Bg4 Ba4 46. Kf2 Kf8 47. Ke3 Kg7 48. Kd2 Kf8 49. Bd1 Bd7 50. Kc3 Kg7 51. Kb4 Kf8 52. Kc3 Kg7 53. Kd4 Kf8 54. Ke3 Kg7 55. Kf2 Bf5 56. Be2 Bb1 57. a3 Bf5 58. Ke3 Kf8 59. Kd4 Bd7 60. Kc3 Kg7 61. Kb4 Kf8 62. Bd1 Kg7 63. Kc3 Kf8 64. Kd3 Bf5+ 65. Ke3 Kg7 66. Be2 Kf8 67. Bd3 Bg4 68. f5 Bxh5 69. Be2 Bxe2 70. Kxe2 Kg7 71. Kd3 Kg8 72. Kc3 Kg7 73. a4 a5 74. Kd4 Kg8 75. Ke4 1/2-1/2

[Event "Groningen op"]
[Site "Groningen"]
[Date "1999.12.24"]
[Round "6"]
[White "Graf, Alexander"]
[Black "Gyimesi, Zoltan"]
[Result "1/2-1/2"]
[WhiteElo "2584"]
[BlackElo "2531"]
[PlyCount "51"]
[EventDate "1999.12.19"]
[Source "ChessBase"]
[SourceDate "2000.01.11"]

1. d4 Nf6 2. c4 e6 3. Nc3 Bb4 4. e3 c5 5. Bd3 Nc6 6. Nf3 Bxc3+ 7. bxc3 d6 8. e4 e5 9. d5 Ne7 10. Nh4 h6 11. O-O g5 12. Qf3 Nfg8 13. Nf5 Nxf5 14. exf5 Nf6 15. g4 Qe7 16. Rb1 Kd8 17. Qg3 Kc7 18. Re1 Rg8 19. Rb2 Bd7 20. f3 b6 21. Rg2 Rg7 22. h4 Rag8 23. Rh2 Nh5 24. Qf2 Nf4 25. Bxf4 gxf4 26. a4 1/2-1/2

[Event "GRE-chT"]
[Site "Poros"]
[Date "1998.04.22"]
[Round "4"]
[White "Nikolaidis, Ioannis"]
[Black "Nenashev, Alexander"]
[Result "1-0"]
[WhiteElo "2490"]
[BlackElo "2625"]
[PlyCount "95"]
[EventDate "1998.??.??"]
[Source "www.chesslib.no"]
[SourceDate "2004.05.04"]

1. d4 Nf6 2. c4 e6 3. Nc3 Bb4 4. e3 c5 5. Bd3 Nc6 6. Nf3 Bxc3+ 7. bxc3 d6 8. e4 e5 9. d5 Ne7 10. Nh4 h6 11. O-O g5 12. Qf3 Nfg8 13. Nf5 Nxf5 14. exf5 Qf6 15. Rb1 Ne7 16. h4 gxh4 17. g4 hxg3 18. fxg3 Kd8 19. Rb2 Kc7 20. Rh2 Bd7 21. Rh5 Nc8 22. Qe4 Nb6 23. Kg2 Na4 24. Bd2 Rag8 25. g4 Qg7 26. Kg3 f6 27. Rfh1 Be8 28. Bxh6 Nxc3 29. Bxg7 Nxe4+ 30. Bxe4 Rxh5 31. Bxf6 Rxh1 32. Bxh1 b5 33. cxb5 Bxb5 34. Be4 Be2 35. g5 c4 36. g6 Bd3 37. Bxd3 cxd3 38. Bg5 Kb6 39. Be3+ Kb5 40. Kg4 Kc4 41. Kg5 Kxd5 42. f6 Ke6 43. f7 Rc8 44. Kh6 d5 45. Kg7 Kf5 46. Kh7 Rc7 47. Kh6 Ke4 48. Bg5 1-0

[Event "TV Master Game"]
[Site "TV Master Game"]
[Date "1978.??.??"]
[Round "?"]
[White "Donner, Jan-Hein"]
[Black "Larsen, Bent"]
[Result "1/2-1/2"]
[WhiteElo "2490"]
[BlackElo "2620"]
[PlyCount "84"]
[EventDate "1978.??.??"]
[Source "www.chesslib.no"]
[SourceDate "2004.05.04"]

1. d4 Nf6 2. c4 e6 3. Nc3 Bb4 4. e3 c5 5. Bd3 Nc6 6. Nf3 Bxc3+ 7. bxc3 d6 8. e4 e5 9. d5 Ne7 10. Nh4 Qa5 11. Qc2 h6 12. f3 Bd7 13. Nf5 Nxf5 14. exf5 b5 15. cxb5 c4 16. Bxc4 Rc8 17. Qb3 O-O 18. Bd2 a6 19. a4 axb5 20. Bxb5 Bxb5 21. Qxb5 Qa7 22. Qd3 Rfe8 23. Qe3 Qxe3+ 24. Bxe3 Nxd5 25. Bd2 Rc6 26. Kf2 Ra8 27. a5 Rc5 28. Rhd1 Ra6 29. Ra3 Ne7 30. f6 gxf6 31. c4 Rxc4 32. Bxh6 d5 33. Bd2 f5 34. Rc1 Rxc1 35. Bxc1 d4 36. Ke2 e4 37. g4 Nd5 38. gxf5 e3 39. f4 Nxf4+ 40. Kf3 Nd5 41. Ra4 Ne7 42. Rxd4 Rxa5 1/2-1/2

[Event "HUN-ch"]
[Site "Budapest"]
[Date "1971.??.??"]
[Round "1"]
[White "Portisch, Lajos"]
[Black "Csom, Istvan"]
[Result "1-0"]
[WhiteElo "2630"]
[BlackElo "2480"]
[PlyCount "80"]
[EventDate "1971.??.??"]
[Source "ChessBase"]

1. d4 Nf6 2. c4 e6 3. Nc3 Bb4 4. e3 c5 5. Bd3 Nc6 6. Nf3 Bxc3+ 7. bxc3 d6 8. Nd2 e5 9. Qe2 Qe7 10. d5 e4 11. Nxe4 Nxe4 12. dxc6 bxc6 13. O-O f5 14. f3 Nf6 15. e4 O-O 16. exf5 Qxe2 17. Bxe2 Bxf5 18. Rd1 Rfe8 19. Bf1 Rad8 20. Bf4 d5 21. Rd2 h6 22. Rad1 Re7 23. Kf2 Be6 24. Be3 Rf7 25. Kg1 Nd7 26. Rb2 Nb6 27. cxd5 Rxd5 28. Rxd5 Nxd5 29. Rb8+ Kh7 30. Bd2 Nb6 31. Bd3+ Bf5 32. Bxf5+ Rxf5 33. Rb7 Rd5 34. Bf4 Na4 35. c4 Rf5 36. Bd2 Nb6 37. Bc3 h5 38. Rxg7+ Kh6 39. Rxa7 Nxc4 40. Rc7 Rd5 1-0

[Event "56th ch-RUS"]
[Site "Krasnoyarsk"]
[Date "2003.09.11"]
[Round "8"]
[White "Lugovoi, Aleksei"]
[Black "Belozerov, Andrei"]
[Result "1/2-1/2"]
[WhiteElo "2566"]
[BlackElo "2541"]
[PlyCount "66"]
[EventDate "2003.09.03"]
[Source "Roberto Alvarez"]
[SourceDate "2003.09.15"]

1. d4 Nf6 2. c4 e6 3. Nc3 Bb4 4. e3 c5 5. Bd3 Nc6 6. Nf3 Bxc3+ 7. bxc3 d6 8. e4 e5 9. h3 h6 10. Be3 b6 11. d5 Ne7 12. Nd2 O-O 13. g3 Ne8 14. f4 f5 15. Qe2 fxe4 16. Nxe4 exf4 17. Bxf4 Ng6 18. O-O-O a6 19. Rdf1 Ra7 20. Qh5 Nxf4 21. Rxf4 Raf7 22. Rhf1 Rxf4 23. Rxf4 Rxf4 24. gxf4 Qe7 25. Kd2 Bd7 26. Ng3 Qf7 27. Qxf7+ Kxf7 28. h4 Nc7 29. Bf5 Bxf5 30. Nxf5 Ne8 31. Ke3 Kg6 32. Ng3 Nf6 33. a4 Kf7 1/2-1/2

[Event "Bergraser Memorial-GM"]
[Site "Bergraser Memorial-GM"]
[Date "1989.??.??"]
[Round "?"]
[White "Anton, Volker-Michael"]
[Black "Lelievre, Alain"]
[Result "1/2-1/2"]
[WhiteElo "2630"]
[BlackElo "2475"]
[PlyCount "65"]
[EventDate "1989.??.??"]
[Source "www.chesslib.no"]
[SourceDate "2004.05.04"]

1. d4 Nf6 2. c4 e6 3. Nc3 Bb4 4. e3 c5 5. Bd3 Nc6 6. Nf3 Bxc3+ 7. bxc3 d6 8. e4 e5 9. h3 h6 10. O-O O-O 11. Rb1 b6 12. Qe2 cxd4 13. cxd4 exd4 14. Nd2 Re8 15. f4 Bb7 16. Ba3 Rc8 17. Qf2 Qc7 18. Rbe1 Nd7 19. Qg3 Nc5 20. Bb1 Qd8 21. e5 dxe5 22. Bxc5 bxc5 23. fxe5 Qg5 24. Qf2 Nd8 25. h4 Qe7 26. Qf5 g6 27. Qg4 Rc6 28. Ne4 Re6 29. Nd6 Rxd6 30. exd6 Qxe1 31. Rxe1 Rxe1+ 32. Kh2 Rxb1 33. Qd7 1/2-1/2

[Event "AUT-chT2O 9798"]
[Site "Austria"]
[Date "1998.??.18"]
[Round "9"]
[White "Jussupow, Artur"]
[Black "Rotstein, Arkadij"]
[Result "1-0"]
[WhiteElo "2640"]
[BlackElo "2455"]
[PlyCount "71"]
[EventDate "1997.??.??"]
[Source "www.chesslib.no"]
[SourceDate "2004.05.04"]

1. d4 Nf6 2. c4 e6 3. Nc3 Bb4 4. e3 c5 5. Bd3 Nc6 6. Nf3 Bxc3+ 7. bxc3 d6 8. e4 e5 9. h3 h6 10. Be3 Qa5 11. O-O O-O 12. Qc2 Bd7 13. Rfb1 Qc7 14. dxc5 dxc5 15. Bxc5 Rfc8 16. Be3 Na5 17. c5 Be8 18. c4 Nd7 19. Qc3 f6 20. Rb5 Nc6 21. Rab1 Nd8 22. Nd2 a6 23. Ra5 Nc6 24. Ra3 Nd4 25. Bxd4 exd4 26. Qxd4 Nxc5 27. Bc2 Rd8 28. Qe3 Bf7 29. Nf3 Bxc4 30. Rc3 b5 31. Bb3 Ne6 32. Nd2 Kh8 33. Nxc4 Nd4 34. Kh1 bxc4 35. Rxc4 Qe5 36. f4 1-0

[Event "Open A"]
[Site "Zadar CRO"]
[Date "2007.12.19"]
[Round "6"]
[White "Zaja, I."]
[Black "Delchev, A."]
[Result "0-1"]
[WhiteElo "2467"]
[BlackElo "2613"]
[PlyCount "134"]
[EventDate "2007.12.16"]
[Source "www.chesslib.no"]
[SourceDate "2004.05.04"]

1. d4 Nf6 2. c4 e6 3. Nc3 Bb4 4. e3 c5 5. Nf3 Nc6 6. Bd3 Bxc3+ 7. bxc3 d6 8. Nd2 e5 9. O-O O-O 10. Ne4 Bf5 11. Nxf6+ Qxf6 12. e4 Bd7 13. d5 Ne7 14. Qh5 h6 15. Rb1 b6 16. g3 Qg6 17. Qxg6 Nxg6 18. Kg2 f5 19. exf5 Bxf5 20. Bxf5 Rxf5 21. f3 Re8 22. Be3 Rf7 23. a4 Ne7 24. Bd2 g5 25. Rbe1 Kh7 26. h3 Rg8 27. Re4 Nf5 28. Be1 Rg6 29. g4 Ng7 30. Bg3 Ne8 31. Re3 Nf6 32. Rh1 Kg8 33. h4 gxh4 34. Bxh4 Nh5 35. Bg3 Nxg3 36. Kxg3 Kg7 37. a5 Rf4 38. axb6 axb6 39. Rb1 Rxc4 40. Rxb6 h5 41. Kf2 hxg4 42. fxg4 Kh6 43. Ke2 Kg5 44. Rf3 Kxg4 45. Rf8 Rxc3 46. Rd8 Kf4 47. Rdxd6 Re3+ 48. Kd2 Rg2+ 49. Kd1 Rh3 50. Rh6 Rd3+ 51. Ke1 Rxd5 52. Rh4+ Kf5 53. Rc4 Rg4 54. Rc2 Re4+ 55. Kf2 Red4 56. Ke2 Rh4 57. Kf1 Rh1+ 58. Kg2 Rhd1 59. Rf2+ Ke4 60. Rbb2 R5d3 61. Ra2 c4 62. Ra4 Kd4 63. Rf8 e4 64. Rc8 R1d2+ 65. Kf1 Rc2 66. Ke1 Ke3 67. Raxc4 Re2+ 0-1

[Event "St Petersburg-ch 5'"]
[Site "?"]
[Date "2000.??.??"]
[Round "6"]
[White "Lugovoi Aleksei"]
[Black "Shaposhnikov Evgeny"]
[Result "1/2-1/2"]
[WhiteElo "2534"]
[BlackElo "2544"]
[PlyCount "61"]
[EventDate "2000.??.??"]
[Source "www.chesslib.no"]
[SourceDate "2004.05.04"]

1. d4 Nf6 2. c4 e6 3. Nc3 Bb4 4. e3 c5 5. Bd3 Nc6 6. Nf3 Bxc3+ 7. bxc3 d6 8. O-O e5 9. Nd2 Qe7 10. d5 e4 11. Nxe4 Nxe4 12. dxc6 bxc6 13. f3 Nf6 14. e4 Nd7 15. Qa4 Nb6 16. Qxc6+ Bd7 17. Qb7 O-O 18. Qa6 Qf6 19. Qa3 Be6 20. Qb3 Rab8 21. Qc2 Bxc4 22. a4 Qe6 23. a5 Bxd3 24. Qxd3 Nc4 25. Bf4 Rfd8 26. Rab1 Rxb1 27. Rxb1 h6 28. Rb7 Nxa5 29. Rxa7 Nc4 30. h3 Ne5 31. Bxe5 1/2-1/2

[Event "Chicago op"]
[Site "Chicago"]
[Date "1997.??.??"]
[Round "6"]
[White "Atalik, Suat"]
[Black "Sokolin, Leonid M"]
[Result "1-0"]
[WhiteElo "2555"]
[BlackElo "2520"]
[PlyCount "139"]
[EventDate "1997.05.26"]
[Source "www.chesslib.no"]
[SourceDate "2004.05.04"]

1. d4 Nf6 2. c4 e6 3. Nc3 Bb4 4. e3 c5 5. Bd3 Nc6 6. Nf3 Bxc3+ 7. bxc3 d6 8. O-O e5 9. Nd2 Qe7 10. d5 e4 11. Nxe4 Nxe4 12. dxc6 Nf6 13. cxb7 Bxb7 14. Qa4+ Qd7 15. Qd1 O-O 16. f3 Qe6 17. Rb1 Bc6 18. Qc2 h6 19. e4 Nd7 20. Bf4 Nb6 21. Rfe1 f6 22. Re2 Rfd8 23. Rd2 Ba4 24. Qb2 Be8 25. Qa3 Bf7 26. Rbd1 Rd7 27. Qa6 Nxc4 28. Bxc4 Qxc4 29. Qxc4 Bxc4 30. Kf2 a6 31. a3 Rb8 32. Bxd6 Rb3 33. Bxc5 Rxd2+ 34. Rxd2 Rxc3 35. Bb4 Rd3 36. Rc2 Bb5 37. g4 Kh7 38. Rc5 Rd1 39. h4 Rd3 40. h5 Rd7 41. Bc3 Rd6 42. e5 fxe5 43. Rxe5 Rc6 44. Bb4 Rc2+ 45. Kg3 Re2 46. Rc5 Re3 47. Rc7 Rd3 48. Bc3 Rd7 49. Rc8 Rd3 50. Be5 Ba4 51. Rf8 Bc6 52. Kf2 Bd5 53. a4 Ra3 54. Rd8 Bc6 55. Rd6 Rxf3+ 56. Ke2 Be4 57. Rd7 Kg8 58. Rxg7+ Kf8 59. Ra7 Rb3 60. g5 hxg5 61. h6 Ke8 62. Bf6 Bd3+ 63. Kd2 g4 64. Bc3 Be4 65. h7 Bxh7 66. Rxh7 g3 67. Rg7 Ra3 68. a5 g2 69. Kd3 Ra2 70. Bd2 1-0

[Event "DSV-Turnier+"]
[Site "Berlin East"]
[Date "1979.09.16"]
[Round "6"]
[White "Knaak, Rainer F A"]
[Black "Csom, Istvan"]
[Result "1/2-1/2"]
[WhiteElo "2565"]
[BlackElo "2510"]
[PlyCount "70"]
[EventDate "1979.09.11"]
[Source "www.chesslib.no"]
[SourceDate "2004.05.04"]

1. d4 Nf6 2. c4 e6 3. Nc3 Bb4 4. e3 c5 5. Bd3 Nc6 6. Nf3 Bxc3+ 7. bxc3 d6 8. Qe2 e5 9. Nd2 cxd4 10. cxd4 O-O 11. d5 Nb4 12. Bb1 Na6 13. O-O Bg4 14. f3 Bh5 15. Nb3 Nd7 16. Bf5 Bg6 17. Bxg6 hxg6 18. e4 Rc8 19. Be3 Qc7 20. Rac1 Nac5 21. g4 Qd8 22. g5 b6 23. Rf2 Rc7 24. Rg2 Re8 25. Kh1 Nf8 26. Bxc5 bxc5 27. Na5 Rc8 28. Qe1 Qc7 29. Rg3 Qd7 30. Rb1 Rb8 31. Rb3 Rb6 32. Qb1 Qa4 33. Nb7 Qd7 34. Na5 Qa4 35. Nb7 Qd7 1/2-1/2

[Event "Bank Skak"]
[Site "Bank Skak Aars"]
[Date "1995.??.??"]
[Round "?"]
[White "Brynell, Stellan"]
[Black "Hansen, Curt"]
[Result "1/2-1/2"]
[WhiteElo "2435"]
[BlackElo "2630"]
[PlyCount "56"]
[EventDate "1995.??.??"]
[Source "www.chesslib.no"]
[SourceDate "2004.05.04"]

1. d4 Nf6 2. c4 e6 3. Nc3 Bb4 4. e3 c5 5. Bd3 Nc6 6. Nf3 Bxc3+ 7. bxc3 d6 8. O-O e5 9. Qc2 h6 10. d5 Ne7 11. Nd2 O-O 12. Rb1 b6 13. h3 Ne8 14. f4 f5 15. e4 exf4 16. exf5 Bxf5 17. Rxf4 Qd7 18. g4 Bxd3 19. Rb2 Rxf4 20. Qxd3 Re4 21. Qc2 Ng6 22. Kf1 Re6 23. Qe4 Qc6 24. Rb4 Nh8 25. Qe1 Ng6 26. Rb5 Nh8 27. Qh4 Re1+ 28. Qxe1 g6 1/2-1/2

[Event "Russia (ch)"]
[Site "?"]
[Date "1996.??.??"]
[Round "?"]
[White "Lugovoi, A."]
[Black "Aseev, K."]
[Result "1-0"]
[WhiteElo "2500"]
[BlackElo "2560"]
[PlyCount "83"]
[EventDate "1996.??.??"]
[Source "ChessBase"]
[SourceDate "1996.10.01"]

1. d4 Nf6 2. c4 e6 3. Nc3 Bb4 4. e3 c5 5. Bd3 Nc6 6. Nf3 Bxc3+ 7. bxc3 d6 8. O-O e5 9. Nd2 O-O 10. Rb1 b6 11. h3 Bd7 12. f4 exd4 13. cxd4 cxd4 14. e4 Re8 15. Re1 Qc7 16. Nf3 Bc8 17. e5 dxe5 18. fxe5 Nd7 19. Bf4 Nf8 20. Ng5 Be6 21. Qh5 h6 22. Nf3 f5 23. Bxf5 Bxf5 24. Qxf5 Ne6 25. Bd2 Qd7 26. Rb5 Nc5 27. e6 Nxe6 28. Ne5 Qc7 29. Qg6 Nxe5 30. Rbxe5 Qf7 31. Rxe6 Qxg6 32. Rxg6 Rxe1+ 33. Bxe1 Rc8 34. Rd6 Rxc4 35. Bf2 Ra4 36. Bxd4 Rxa2 37. Rd8+ Kf7 38. Rd7+ Ke6 39. Rxg7 h5 40. Rh7 Kd5 41. Bf2 Kc4 42. Rxh5 1-0

[Event "TV"]
[Site "TV"]
[Date "1981.??.??"]
[Round "?"]
[White "Keene, Raymond D"]
[Black "Browne, Walter S"]
[Result "1-0"]
[WhiteElo "2490"]
[BlackElo "2555"]
[PlyCount "49"]
[EventDate "1981.??.??"]
[Source "www.chesslib.no"]
[SourceDate "2004.05.04"]

1. d4 Nf6 2. c4 e6 3. Nc3 Bb4 4. e3 c5 5. Bd3 Nc6 6. Nf3 Bxc3+ 7. bxc3 d6 8. e4 e5 9. h3 h6 10. O-O O-O 11. Be3 b6 12. d5 Ne7 13. Nh4 g5 14. Nf3 Nh7 15. h4 f5 16. exf5 Bxf5 17. Bxf5 Nxf5 18. hxg5 Nxe3 19. fxe3 Nxg5 20. Qc2 Nxf3+ 21. Rxf3 Qg5 22. Raf1 Rxf3 23. Rxf3 Rf8 24. Qf2 Rxf3 25. Qxf3 1-0

[Event "AUT Team Ch"]
[Site "Austria"]
[Date "1994.??.??"]
[Round "?"]
[White "Lukacs, Peter"]
[Black "Stohl, Igor"]
[Result "1/2-1/2"]
[WhiteElo "2485"]
[BlackElo "2560"]
[PlyCount "102"]
[EventDate "1994.??.??"]
[Source "www.chesslib.no"]
[SourceDate "2004.05.04"]

1. d4 Nf6 2. c4 e6 3. Nc3 Bb4 4. e3 c5 5. Bd3 Nc6 6. Nf3 Bxc3+ 7. bxc3 d6 8. O-O e5 9. Nd2 O-O 10. d5 Ne7 11. f3 Ne8 12. e4 Ng6 13. g3 f5 14. exf5 Bxf5 15. Ne4 Qd7 16. Qc2 Nf6 17. Nxc5 Bxd3 18. Nxd3 Rac8 19. Nb2 b5 20. Bg5 bxc4 21. Bxf6 Rxf6 22. Qe4 Qb5 23. Nd1 Ne7 24. Ne3 Qa5 25. f4 Qxc3 26. fxe5 Qxe5 27. Qxe5 dxe5 28. Rxf6 gxf6 29. Rc1 Rd8 30. Rxc4 Nxd5 31. Nxd5 Rxd5 32. Rc8+ Kg7 33. Rc7+ Kg6 34. Rxa7 Rd1+ 35. Kg2 Rd2+ 36. Kg1 h5 37. Ra4 f5 38. h4 e4 39. Ra6+ Kf7 40. Kf1 Ke7 41. Rh6 Rxa2 42. Rxh5 Ke6 43. Rg5 e3 44. Ke1 Rg2 45. Kf1 Rf2+ 46. Ke1 Kf6 47. g4 f4 48. Rf5+ Ke6 49. h5 f3 50. h6 Re2+ 51. Kf1 Rf2+ 1/2-1/2